All destroyers of the Swedish Navy - Statistics

General Stats
  • This quiz has been taken 2 times
  • The average score is 27 of 44
Answer Stats
Class Hint Answer % Correct
Wrangel Cancelled in 1916 Ehrensköld
100%
Ehrensköld Scrapped in 1973 Ehrensköld
100%
Göteborg Sunk as a target ship on 14 August 1962 Göteborg
100%
Halland Scrapped in 1988 Halland
100%
Hugin Scrapped in 1949 Hugin
100%
Göteborg Scrapped in 1970 Malmö
100%
--- Sunk as a target ship in 1936 Mode
100%
Mode Scrapped in 1973 Mode
100%
Öland Reclassified as a frigate in 1974, scrapped in 1981 Öland
100%
Östergötland Scrapped in 1985 Östergötland
100%
Psilander Originally named Giovanni Nicotera, purchased from Italy in 1940, scrapped in 1949 Psilander
100%
Ragnar Scrapped in 1951 Ragnar
100%
Romulus Originally named Spica, purchased from Italy in 1940, scrapped in 1961 Romulus
100%
Göteborg Scrapped in 1964 Stockholm
100%
Visby Reclassified as a frigate in 1965, scrapped in 1984 Visby
100%
Wrangel Sunk as a target ship in 1960 Wrangel
100%
Östergötland Scrapped in 1991 Gästrikland
50%
Göteborg Reclassified as a nuclear testing ship in 1968, scrapped in 1972 Gävle
50%
Östergötland Reclassified as an explosive testing ship and scrapped in 1982 Hälsingland
50%
Visby Reclassified as a frigate in 1965, scrapped in 1979 Kalmar
50%
Göteborg Scrapped in 1979 Karlskrona
50%
Klas Sunk by an explosion in 1941, refloated and returned to service in 1943, scrapped in 1967 Klas Horn
50%
Klas Sunk by an explosion in 1941, refloated and scrapped in 1942 Klas Uggla
50%
Halland Cancelled in 1958 Lappland
50%
Mode Scrapped in 1969 Mjölner
50%
Hugin Scrapped in 1943 Munin
50%
Mode Scrapped in 1969 Munin
50%
Wrangel Cancelled in 1916 Nordenskjöld
50%
Ehrensköld Scrapped in 1964 Nordenskjöld
50%
Göteborg Sunk as a target ship on 26 May 1977 Norrköping
50%
Romulus Originally named Astore, purchased from Italy in 1940, scrapped in 1961 Remus
50%
Ragnar Scrapped in 1951 Sigurd
50%
Halland Preserved as a museum ship since 1987 Småland
50%
Östergötland Scrapped in 1985 Södermanland
50%
Öland Reclassified as a frigate in 1974, scrapped in 1981 Uppland
50%
Halland Cancelled in 1958 Värmland
50%
--- Sunk as a target ship on 26 September 1946 Wale
50%
Visby Reclassified as a frigate in 1965, scrapped in 1979 Hälsingborg
0%
--- Scrapped in 1943 Magne
0%
Mode Scrapped in 1973 Magne
0%
Psilander Originally named Bettino Ricasoli, purchased from Italy in 1940, scrapped in 1949 Puke
0%
Visby Reclassified as a frigate in 1965, scrapped in 1984 Sundsvall
0%
Ragnar Sunk as a target ship on 28 August 1961 Vidar
0%
Wrangel Scrapped in 1950 Wachtmeister
0%
No matching quizzes found
Score Distribution
Percent of People with Each Score
Percentile by Number Answered
Your Score History
You have not taken this quiz